Молодые исследователи агропромышленного и лесного комплексов - регионам (Запись № 12077485)

Подробности
000 -МАРКЕР
контрольное поле 02801nam1a2200361 4500
001 - ИДЕНТИФИКАТОР ЗАПИСИ
контрольное поле RU\NLR\BIBL_A\012470642
005 - ИДЕНТИФИКАТОР ВЕРСИИ
контрольное поле 20260406132632.0
035 ## - ДРУГИЕ СИСТЕМНЫЕ НОМЕРА
Идентификатор записи (NLR Aleph) 012470642
100 ## - ДАННЫЕ ОБЩЕЙ ОБРАБОТКИ
Данные общей обработки 20210311g20209999k y0rusy50 ca
101 0# - ЯЗЫК РЕСУРСА
Язык текста, звукозаписи и т.д. русский
-- немецкий
-- английский
102 ## - СТРАНА ПУБЛИКАЦИИ ИЛИ ПРОИЗВОДСТВА
Страна публикации Российская Федерация
105 ## - ПОЛЕ КОДИРОВАННЫХ ДАННЫХ: ТЕКСТОВЫЕ МАТЕРИАЛЫ, МОНОГРАФИЧЕСКИЕ
Кодированные данные о монографическом текстовом документе z 1
181 #0 - ПОЛЕ КОДИРОВАННЫХ ДАННЫХ: ВИД СОДЕРЖАНИЯ
Код вида содержания (ISBD) i
Код характеристики содержания (ISBD) axxe
182 #0 - ПОЛЕ КОДИРОВАННЫХ ДАННЫХ: ТИП СРЕДСТВА
Код типа средства (ISBD) n - непосредственное
200 1# - ЗАГЛАВИЕ И СВЕДЕНИЯ ОБ ОТВЕТСТВЕННОСТИ
Основное заглавие Молодые исследователи агропромышленного и лесного комплексов - регионам
Сведения, относящиеся к заглавию сборник научных трудов по результатам работы V международной молодежной научно-практической конференции, [23 апреля 2020 года]
Первые сведения об ответственности Министерство сельского хозяйства Российской Федерации, Федеральное государственное бюджетное образовательное учреждение высшего образования "Вологодская государственная молочнохозяйственная академия имени Н. В. Верещагина"
Последующие сведения об ответственности [редакционная коллегия: к.с.-х.н., доцент В. В. Суров - ответственный редактор и др.]
203 ## - ВИД СОДЕРЖАНИЯ И ТИП СРЕДСТВА
Вид содержания Текст
Дополнительные сведения об издании визуальный
Тип средства непосредственный
210 ## - ПУБЛИКАЦИЯ, РАСПРОСТРАНЕНИЕ И ДР.
Место издания, распространения и т.д. Вологда - Молочное
Имя издателя, распространителя и т. д. ФГБОУ ВО Вологодская ГМХА
Дата издания, распространения и т.д. 2020
215 ## - ФИЗИЧЕСКАЯ ХАРАКТЕРИСТИКА
Размеры 20
606 ## - НАИМЕНОВАНИЕ ТЕМЫ КАК ПРЕДМЕТ
Наименование темы Агропромышленные комплексы
Формальный подзаголовок Съезды, совещания и т.п
Системный номер авторитетной/нормативной записи 900945
Идентификатор авторитетной/нормативной записи RU\NLR\AUTH\667450
606 1# - НАИМЕНОВАНИЕ ТЕМЫ КАК ПРЕДМЕТ
Наименование темы Сельское хозяйство
Формальный подзаголовок Съезды, совещания и т.п
Системный номер авторитетной/нормативной записи 896357
Идентификатор авторитетной/нормативной записи RU\NLR\AUTH\664909
606 ## - НАИМЕНОВАНИЕ ТЕМЫ КАК ПРЕДМЕТ
Наименование темы Лесное хозяйство
Формальный подзаголовок Съезды, совещания и т.п
Системный номер авторитетной/нормативной записи 993890
Идентификатор авторитетной/нормативной записи RU\NLR\AUTH\6658014
686 1# - ИНДЕКСЫ ДРУГИХ КЛАССИФИКАЦИЙ
Индекс У32(0)-434я431
686 1# - ИНДЕКСЫ ДРУГИХ КЛАССИФИКАЦИЙ
Индекс П.я431(0)
686 1# - ИНДЕКСЫ ДРУГИХ КЛАССИФИКАЦИЙ
Индекс П3я431(0)
702 #1 - ИМЯ ЛИЦА - ВТОРИЧНАЯ ОТВЕТСТВЕННОСТЬ
Начальный элемент ввода Суров
Часть имени, кроме начального элемента ввода В. В.
Расширение инициалов личного имени Владимир Викторович
Код отношения Редактор
711 12 - НАИМЕНОВАНИЕ ОРГАНИЗАЦИИ - АЛЬТЕРНАТИВНАЯ ОТВЕТСТВЕННОСТЬ
Начальный элемент ввода "Молодые исследователи агропромышленного и лесного комплексов - регионам", международная молодежная научно-практическая конференция
Порядковый номер временной организации и / или порядковый номер ее части 5
Место проведения временной организации с. Молочное, Вологодская обл.
Дата проведения временной организации 2020
Системный номер авторитетной/нормативной записи 739535
Идентификатор авторитетной/нормативной записи RU\NLR\AUTH\880538046
712 02 - НАИМЕНОВАНИЕ ОРГАНИЗАЦИИ - ВТОРИЧНАЯ ОТВЕТСТВЕННОСТЬ
Код отношения Издающая организация
Начальный элемент ввода Вологодская государственная молочнохозяйственная академия им. Н. В. Верещагина
Идентификатор авторитетной/нормативной записи RU\NLR\AUTH\8824416
Системный номер авторитетной/нормативной записи 323566
852 ## - МЕСТОНАХОЖДЕНИЕ И ШИФР ХРАНЕНИЯ
Идентификатор организации NLR
Наименование фонда или коллекции (Sub-Location Identifier) 2021-3/4572
942 ## - ДОПОЛНИТЕЛЬНЫЕ ЭЛЕМЕНТЫ ЗАПИСИ (АБИС)
Тип экземпляра АБИС Книга

Нет доступных экземпляров.